[Event "BCF-chT4 0708 (4NCL)"]
[Site "England"]
[Date "2007.10.28"]
[Round "2.4"]
[White "Jones, Laurence"]
[Black "Davy, John"]
[Result "0-1"]
[WhiteElo "1758"]
[BlackElo "1936"]
[PlyCount "104"]
[EventDate "2007.09.15"]
[EventType "team-swiss"]
[EventRounds "11"]
[EventCountry "ENG"]
[SourceTitle "EXT 2009"]
[Source "ChessBase"]
[SourceDate "2008.11.26"]
[SourceVersion "1"]
[SourceVersionDate "2008.11.26"]
[SourceQuality "1"]
[WhiteTeam "KJCA Kings"]
[BlackTeam "Celtic Tigers II"]
[WhiteTeamCountry "ENG"]
[BlackTeamCountry "ENG"]

1. e4 d6 2. d4 Nf6 3. f3 g6 4. Be3 c6 5. Qd2 b5 6. a4 bxa4 7. Nc3 Nbd7 8. Nxa4 Qc7 9. Bd3 Bg7 10. Ne2 0-0 11. 0-0 Bb7 12. c4 c5 13. d5 Rfb8 14. Nac3 Ne5 15. Nb5 Qb6 16. Nec3 Bc8 17. Be2 a6 18. Na4 Qd8 19. Nbc3 Rb4 20. b3 Rxb3 21. Rfb1 Rab8 22. Rxb3 Rxb3 23. Qc2 Rb4 24. Na2 Rb8 25. N2c3 Rb4 26. Na2 Rb8 27. N2c3 Kf8 28. h3 Rb4 29. Na2 Rb8 30. f4 Nxc4 31. Bxc4 Nxd5 32. Re1 Nxe3 33. Rxe3 Bd4 34. Kf2 Bd7 35. Kf3 Bxe3 36. Kxe3 Qa5 37. N4c3 Qa3 38. Qd3 Bb5 39. Nxb5 Qxd3+ 40. Bxd3 axb5 41. Nc3 c4 42. Bc2 e6 43. Kd4 Ke7 44. g4 f6 45. Na2 Ra8 46. Nb4 Kd7 47. e5 fxe5+ 48. fxe5 Ra1 49. exd6 Kxd6 50. Be4 e5+ 51. Kc3 Ra3+ 52. Kb2 Rb3+ 0-1

[Event "BCF-chT4 0708 (4NCL)"]
[Site "England"]
[Date "2007.10.27"]
[Round "1.2"]
[White "Davy, John"]
[Black "Mercs, Peter J"]
[Result "0-1"]
[WhiteElo "1936"]
[BlackElo "2067"]
[PlyCount "118"]
[EventDate "2007.09.15"]
[EventType "team-swiss"]
[EventRounds "11"]
[EventCountry "ENG"]
[SourceTitle "EXT 2009"]
[Source "ChessBase"]
[SourceDate "2008.11.26"]
[SourceVersion "1"]
[SourceVersionDate "2008.11.26"]
[SourceQuality "1"]
[WhiteTeam "Celtic Tigers II"]
[BlackTeam "Nottinghamshire"]
[WhiteTeamCountry "ENG"]
[BlackTeamCountry "ENG"]

1. d4 Nf6 2. Nf3 e6 3. g3 b5 4. Bg2 Bb7 5. 0-0 c5 6. b3 cxd4 7. Nxd4 Bxg2 8. Kxg2 Qb6 9. Qd3 a6 10. e4 Bc5 11. Bb2 Nc6 12. c3 0-0 13. Nd2 Ne5 14. Qe2 Ng6 15. a4 b4 16. N4f3 d5 17. c4 Nxe4 18. Nxe4 dxe4 19. Qxe4 Rad8 20. Qe2 Rd7 21. Rad1 Rfd8 22. Rxd7 Rxd7 23. h4 f6 24. h5 Nf8 25. h6 e5 26. hxg7 Ng6 27. Rh1 Qd6 28. Bc1 Kxg7 29. Qe4 Qd3 30. Nd2 f5 31. Qc6 Qd6 32. Qxd6 Bxd6 33. Kf1 e4 34. Bb2+ Be5 35. Bc1 Bc3 36. Ke2 Ne5 37. Nb1 Bd4 38. Rd1 Nd3 39. Be3 Bxe3 40. Kxe3 Kf6 41. f3 Rg7 42. Rg1 f4+ 43. Kxe4 Nf2+ 44. Kd5 fxg3 45. Kc5 g2 46. Nd2 Nh3 47. Ne4+ Ke7 48. Rxg2 Rxg2 49. Kxb4 Ng5 50. Nc5 h5 51. Nd3 h4 52. Nf4 h3 53. Nxh3 Nxh3 54. Ka5 Rg6 55. b4 Kd7 56. b5 axb5 57. axb5 Kc7 58. c5 Nf4 59. c6 Nd5 0-1

[Event "BCF-chT4 0607 (4NCL)"]
[Site "Sunningdale"]
[Date "2007.05.27"]
[Round "10.141"]
[White "Davy, John"]
[Black "Bass, John W"]
[Result "0-1"]
[WhiteElo "1950"]
[BlackElo "2096"]
[PlyCount "48"]
[EventDate "2006.09.16"]
[EventType "team"]
[EventRounds "11"]
[EventCountry "ENG"]
[SourceTitle "EXT 2008"]
[Source "ChessBase"]
[SourceDate "2007.11.25"]
[SourceVersion "1"]
[SourceVersionDate "2007.11.25"]
[SourceQuality "1"]
[WhiteTeam "Conquistadors II"]
[BlackTeam "Grendel's Mother"]
[WhiteTeamCountry "ENG"]
[BlackTeamCountry "ENG"]

1. c4 e5 2. g3 Nf6 3. Bg2 Nc6 4. Nc3 Bb4 5. Nd5 Be7 6. a3 0-0 7. b4 Re8 8. Bb2 d6 9. b5 Nd4 10. e3 Ne6 11. Ne2 Nc5 12. d4 exd4 13. exd4 Nce4 14. 0-0 c6 15. bxc6 bxc6 16. Nxe7+ Qxe7 17. Re1 Nxf2 18. Qb3 Rb8 19. Qxb8 Qe3 20. Rf1 N6g4 21. Rxf2 Qxf2+ 22. Kh1 Bd7 23. Qxd6 Rxe2 24. Rg1 Re1 0-1